[Event "Satka Autumn op (Women)"]
[Site "Satka"]
[Date "2019.09.25"]
[Round "7"]
[White "Mirgalina, Anna"]
[Black "Zyapaeva, Polina"]
[Result "0-1"]
[WhiteElo "1473"]
[BlackElo "1808"]
[PlyCount "64"]
[EventDate "2019.09.19"]
[EventType "swiss"]
[EventRounds "9"]
[EventCountry "RUS"]
[SourceTitle "EXT 2020"]
[Source "ChessBase"]
[SourceDate "2019.10.17"]
[SourceVersion "1"]
[SourceVersionDate "2019.10.17"]
[SourceQuality "1"]

1. e4 c5 2. Nf3 e6 3. d4 cxd4 4. Nxd4 a6 5. Be2 Nf6 6. Bf3 Qc7 7. 0-0 Nc6 8. Nxc6 bxc6 9. Nc3 Bb7 10. Re1 Bd6 11. g3 h5 12. Qe2 Be5 13. Bd2 a5 14. Na4 Ba6 15. Qe3 Bb5 16. Nc3 h4 17. Rab1 hxg3 18. hxg3 Ba6 19. Kg2 c5 20. Rh1 0-0-0 21. Na4 d6 22. Be2 Bb7 23. Bf3 Bd4 24. Qb3 Nxe4 25. Nb6+ Kb8 26. Bxa5 Qc6 27. Rxh8 Rxh8 28. Nd7+ Qxd7 29. Bxe4 d5 30. Bf3 e5 31. Bc3 Qh3+ 32. Kg1 Qh2+ 0-1